Highlights in bioorganic chemistry: methods and applications (Record no. 1215415)

MARC details
000 -LEADER
fixed length control field 01057nam a2200301Ia 4500
003 - CONTROL NUMBER IDENTIFIER
control field OSt
005 - DATE AND TIME OF LATEST TRANSACTION
control field 20221007125517.0
008 - FIXED-LENGTH DATA ELEMENTS--GENERAL INFORMATION
fixed length control field 221006b |||||||| |||| 00| 0 eng d
020 ## - INTERNATIONAL STANDARD BOOK NUMBER
International Standard Book Number 3527306560 (pbk)
037 ## - SOURCE OF ACQUISITION
Terms of availability Textual
040 ## - CATALOGING SOURCE
Original cataloging agency CDL
Transcribing agency CDL
Language of cataloging eng
041 ## - LANGUAGE CODE
Source of code eng
Language code of text/sound track or separate title eng
100 ## - MAIN ENTRY--PERSONAL NAME
Personal name Schmuck Carsten Ed.
9 (RLIN) 722044
245 #0 - TITLE STATEMENT
Title Highlights in bioorganic chemistry: methods and applications
Remainder of title Wennemers Helma Ed.
260 ## - PUBLICATION, DISTRIBUTION, ETC.
Place of publication, distribution, etc. Weinheim
Name of publisher, distributor, etc. WILEY-VCH verlag GmbH & Co.
Date of publication, distribution, etc. 2004
300 ## - PHYSICAL DESCRIPTION
Extent xxvii,571p.
Dimensions cm.
500 ## - GENERAL NOTE
General note Includes bibliographical references.; Index 561-571p.
650 ## - SUBJECT ADDED ENTRY--TOPICAL TERM
Topical term or geographic name entry element Bioorganic chemistry
650 ## - SUBJECT ADDED ENTRY--TOPICAL TERM
Topical term or geographic name entry element Inorganic chemistry
9 (RLIN) 185095
650 ## - SUBJECT ADDED ENTRY--TOPICAL TERM
Topical term or geographic name entry element Chemistry
700 ## - ADDED ENTRY--PERSONAL NAME
Personal name Wennemers Helma Ed.
9 (RLIN) 722045
942 ## - ADDED ENTRY ELEMENTS (KOHA)
Classification part E9G,5, P4 Carc
Koha item type Textual
Source of classification or shelving scheme Colon Classification (CC)
Holdings
Withdrawn status Lost status Source of classification or shelving scheme Damaged status Not for loan Home library Current library Date acquired Source of acquisition Cost, normal purchase price Total Checkouts Full call number Barcode Date last seen Cost, replacement price Price effective from Koha item type
    Colon Classification (CC)     Department of Chemistry Library Department of Chemistry Library 2022-10-07 012, 06/05/2004, Dhanraj Book House 4271.20   E9G,5 P4 Carc CD0007021 2022-10-07 4271.20 2022-10-07 Textual
Copyright @ Delhi University Library System